<?xml version="1.0" encoding="UTF-8"?>
<record
    xmlns:xsi="http://www.w3.org/2001/XMLSchema-instance"
    xsi:schemaLocation="http://www.loc.gov/MARC21/slim http://www.loc.gov/standards/marcxml/schema/MARC21slim.xsd"
    xmlns="http://www.loc.gov/MARC21/slim">

  <leader>02051cam a2200517 i 4500</leader>
  <controlfield tag="001">11578158</controlfield>
  <controlfield tag="005">20220326193335.0</controlfield>
  <controlfield tag="008">141125s2014    sp a          000 0 spa d</controlfield>
  <datafield tag="020" ind1=" " ind2=" ">
    <subfield code="a">9788415691891 :</subfield>
    <subfield code="c">29.00 EUR</subfield>
  </datafield>
  <datafield tag="035" ind1=" " ind2=" ">
    <subfield code="a">(OCoLC)898024854</subfield>
  </datafield>
  <datafield tag="035" ind1=" " ind2=" ">
    <subfield code="a">(ItFiC)it 60780648</subfield>
  </datafield>
  <datafield tag="035" ind1=" " ind2=" ">
    <subfield code="a">(NNC)11578158</subfield>
  </datafield>
  <datafield tag="040" ind1=" " ind2=" ">
    <subfield code="a">ItFiC</subfield>
    <subfield code="c">ItFiC</subfield>
    <subfield code="e">rda</subfield>
  </datafield>
  <datafield tag="041" ind1=" " ind2=" ">
    <subfield code="a">spa</subfield>
    <subfield code="a">eng</subfield>
  </datafield>
  <datafield tag="082" ind1=" " ind2=" ">
    <subfield code="a">701.18</subfield>
    <subfield code="b">M637s</subfield>
  </datafield>
  <datafield tag="245" ind1="0" ind2="0">
    <subfield code="a">Sobre el error =</subfield>
    <subfield code="b">About the error /</subfield>
    <subfield code="c">curated by Marco Milan ; &#xD3;scar Collazos [and nine others].</subfield>
  </datafield>
  <datafield tag="246" ind1="3" ind2="1">
    <subfield code="a">About the error</subfield>
  </datafield>
  <datafield tag="246" ind1="1" ind2="4">
    <subfield code="a">Tales-on</subfield>
  </datafield>
  <datafield tag="260" ind1=" " ind2=" ">
    <subfield code="a">Italia</subfield>
    <subfield code="b">[Favini] </subfield>
    <subfield code="c">2014</subfield>
  </datafield>
  <datafield tag="300" ind1=" " ind2=" ">
    <subfield code="a">95 p :</subfield>
    <subfield code="b">ill. (some col.) ;</subfield>
    <subfield code="c">38 cm</subfield>
  </datafield>
  <datafield tag="500" ind1=" " ind2=" ">
    <subfield code="a">Contiene 6 folletos</subfield>
  </datafield>
  <datafield tag="505" ind1=" " ind2=" ">
    <subfield code="t">Sobre el Error // Marco Milan</subfield>
    <subfield code="t">El error y el azar // &#xD3;scar Collazos</subfield>
    <subfield code="t">Una historia de error // Guillermo Linero Montes</subfield>
    <subfield code="t">El coraz&#xF3;n de las piedras // Efraim Medina Reyes</subfield>
    <subfield code="t">Visiones a contraluz // Robert H. Marlowe</subfield>
    <subfield code="t">Fe de erratas // Juan Manuel Roca</subfield>
  </datafield>
  <datafield tag="546" ind1=" " ind2=" ">
    <subfield code="a">Text in Spanish and English.</subfield>
  </datafield>
  <datafield tag="650" ind1=" " ind2="0">
    <subfield code="a">Artists' books</subfield>
    <subfield code="v">Specimens.</subfield>
    <subfield code="9">3763</subfield>
  </datafield>
  <datafield tag="650" ind1=" " ind2="0">
    <subfield code="a">Errors.</subfield>
    <subfield code="9">3764</subfield>
  </datafield>
  <datafield tag="650" ind1=" " ind2="0">
    <subfield code="a">Arte Moderno </subfield>
    <subfield code="z">Colombia</subfield>
    <subfield code="9">3836</subfield>
  </datafield>
  <datafield tag="650" ind1=" " ind2="0">
    <subfield code="a">Cr&#xED;tica e interpretaci&#xF3;n</subfield>
    <subfield code="y">siglo 21</subfield>
    <subfield code="9">3837</subfield>
  </datafield>
  <datafield tag="700" ind1="1" ind2=" ">
    <subfield code="a">Milan, Marco,</subfield>
    <subfield code="e">[curador]</subfield>
    <subfield code="9">3765</subfield>
  </datafield>
  <datafield tag="700" ind1="1" ind2=" ">
    <subfield code="a">Collazos, &#xD3;scar</subfield>
    <subfield code="9">3838</subfield>
  </datafield>
  <datafield tag="700" ind1="1" ind2=" ">
    <subfield code="a">Linero Montes, Guillermo</subfield>
    <subfield code="9">3839</subfield>
  </datafield>
  <datafield tag="700" ind1="1" ind2=" ">
    <subfield code="a">Medina Reyes, Efraim</subfield>
    <subfield code="9">3840</subfield>
  </datafield>
  <datafield tag="700" ind1="1" ind2=" ">
    <subfield code="a">Marlowe, Robert H.</subfield>
    <subfield code="9">3841</subfield>
  </datafield>
  <datafield tag="700" ind1="1" ind2=" ">
    <subfield code="a">Roca, Juan Manuel</subfield>
    <subfield code="9">3842</subfield>
  </datafield>
  <datafield tag="700" ind1="1" ind2=" ">
    <subfield code="a">L&#xF3;pez, Mateo</subfield>
    <subfield code="9">3843</subfield>
  </datafield>
  <datafield tag="700" ind1="1" ind2=" ">
    <subfield code="a">Ortiz, Bernardo</subfield>
    <subfield code="9">3844</subfield>
  </datafield>
  <datafield tag="700" ind1="1" ind2=" ">
    <subfield code="a">Paris V&#xE9;lez, Nicol&#xE1;s</subfield>
    <subfield code="9">3845</subfield>
  </datafield>
  <datafield tag="700" ind1="1" ind2=" ">
    <subfield code="a">Salamanca, Daniel</subfield>
    <subfield code="9">3846</subfield>
  </datafield>
  <datafield tag="700" ind1="1" ind2=" ">
    <subfield code="a">Salguero, Daniel Santiago</subfield>
    <subfield code="9">3847</subfield>
  </datafield>
  <datafield tag="856" ind1="4" ind2="2">
    <subfield code="u">http://www.columbia.edu/cgi-bin/cul/resolve?clio11578158</subfield>
    <subfield code="3">TOC</subfield>
  </datafield>
  <datafield tag="901" ind1=" " ind2=" ">
    <subfield code="a">http://ilibri.casalini.it/3000710</subfield>
    <subfield code="c">it 60780648</subfield>
  </datafield>
  <datafield tag="910" ind1=" " ind2=" ">
    <subfield code="a">Supplied on B.O.</subfield>
  </datafield>
  <datafield tag="980" ind1=" " ind2=" ">
    <subfield code="a">20150914</subfield>
    <subfield code="b">3477</subfield>
    <subfield code="f">15-31688</subfield>
    <subfield code="g">1</subfield>
    <subfield code="n">5982262</subfield>
    <subfield code="o">60780648</subfield>
    <subfield code="p">20141204</subfield>
    <subfield code="r">EUR</subfield>
  </datafield>
  <datafield tag="981" ind1=" " ind2=" ">
    <subfield code="b">29.00</subfield>
    <subfield code="c">2.61</subfield>
    <subfield code="e">31.61</subfield>
    <subfield code="k">USD</subfield>
    <subfield code="u">3.13</subfield>
  </datafield>
  <datafield tag="990" ind1=" " ind2=" ">
    <subfield code="b">29.00 EUR</subfield>
  </datafield>
  <datafield tag="999" ind1=" " ind2=" ">
    <subfield code="c">754</subfield>
    <subfield code="d">754</subfield>
  </datafield>
  <datafield tag="952" ind1=" " ind2=" ">
    <subfield code="0">0</subfield>
    <subfield code="1">0</subfield>
    <subfield code="2">ddc</subfield>
    <subfield code="4">0</subfield>
    <subfield code="7">0</subfield>
    <subfield code="a">LV</subfield>
    <subfield code="b">LV</subfield>
    <subfield code="c">Colectivas</subfield>
    <subfield code="d">2015-09-28</subfield>
    <subfield code="l">0</subfield>
    <subfield code="o">701.18 M637s</subfield>
    <subfield code="p">004102</subfield>
    <subfield code="r">2015-09-28 00:00:00</subfield>
    <subfield code="w">2015-09-28</subfield>
    <subfield code="y">01</subfield>
  </datafield>
</record>
